000 00539nam a2200229Ia 4500
008 210210b1958 xxu||||| |||| 00| 0 eng d
041 _aeng
082 _a825/123
100 _aBRAYBROOKE (Neville)
245 _aT s eliot: symposium for his seventieth birthday
260 _aLondon
_bRupert Hart-Davis.,
_c1958
650 _aT
650 _asymposium
650 _aseventieth
650 _as
650 _ahis
650 _afor
650 _aeliot:
650 _abirthday
690 _aEnglish Criticism
906 _a014441
999 _c133624
_d133624